| 000 | 00574nam a22001457a 4500 | ||
|---|---|---|---|
| 020 | _a9781593118907 | ||
| 040 | _cMuhammad Ibrahim | ||
| 082 |
_a303.66071 _bPAG 2008 |
||
| 100 |
_aPage, James Smith _9109444 |
||
| 245 |
_aPeace Education _bExploring Ethical and Philosophical Foundations _c James Smith Page |
||
| 260 |
_aUSA _bInformation Age Publishing Inc _c2008 |
||
| 300 | _a231p, | ||
| 650 | _2Peace-Study and Teaching- Moral and Ethical Aspects, virtue ethics, consequentialist ethics, conservative poitical ethics, Aesthetic ethics, Ethics of care | ||
| 942 |
_2ddc _cBK |
||
| 999 |
_c593408 _d593408 |
||